ბათუმის შოთა რუსთაველის სახელმწიფო უნივერსიტეტის ბიბლიოთეკა

Cloud auditing best practices : (ბიბ.ჩანაწერი № 61310)

000 -LEADER
fixed length control field 00764nam a22002057a 4500
005 - DATE AND TIME OF LATEST TRANSACTION
control field 20240202105132.0
008 - FIXED-LENGTH DATA ELEMENTS--GENERAL INFORMATION
fixed length control field 240202s2023en xxu||||| |||| 00| 0 eng d
020 ## - INTERNATIONAL STANDARD BOOK NUMBER
International Standard Book Number 9781803243771 X
041 ## - LANGUAGE CODE
Language code of text/sound track or separate title eng
080 ## - UNIVERSAL DECIMAL CLASSIFICATION NUMBER
Universal Decimal Classification number 657.6 C-17
100 ## - MAIN ENTRY--PERSONAL NAME
Personal name Cambric, Shinesa [Authors]
9 (RLIN) 21186
245 ## - TITLE STATEMENT
Title Cloud auditing best practices :
Remainder of title perform security and IT audits across AWS, Azure, and GCP by building effective cloud auditing plans /
Statement of responsibility, etc. Shinesa Cambric, Michael Ratemo.
264 ## - PRODUCTION, PUBLICATION, DISTRIBUTION, MANUFACTURE, AND COPYRIGHT NOTICE
Place of production, publication, distribution, manufacture Birminghamn:
Name of producer, publisher, distributor, manufacturer Packt Publishing,
Date of production, publication, distribution, manufacture, or copyright notice 2023.
300 ## - PHYSICAL DESCRIPTION
Extent 251 p;
Other physical details ill;
Dimensions 23 cm.
653 ## - INDEX TERM--UNCONTROLLED
keyword Cloud auditing best practices
653 ## - INDEX TERM--UNCONTROLLED
keyword აუდიტი
653 ## - INDEX TERM--UNCONTROLLED
keyword ბუღალტერია
700 ## - ADDED ENTRY--PERSONAL NAME
Personal name Ratemo, Michael [Authors]
9 (RLIN) 21187
942 ## - ADDED ENTRY ELEMENTS (KOHA)
Source of classification or shelving scheme
Koha item type წიგნი
ეგზემპლარები
Withdrawn status Lost status Source of classification or shelving scheme Damaged status Not for loan Permanent Location Current Location Shelving location Date acquired Cost, normal purchase price Full call number Barcode Date last seen Copy number Price effective from Koha item type Public note
          ბათუმის შოთა რუსთაველის სახელმწიფო უნივერსიტეტის მთავარი ბიბლიოთეკა ბათუმის შოთა რუსთაველის სახელმწიფო უნივერსიტეტის მთავარი ბიბლიოთეკა წიგნსაცავი 2024-02-02 161.00 657.6 C-17 67228 2024-02-02 67228 2024-02-02 წიგნი 161.00